Prof. G Ram Reddy Library

Reviving Democracy (Record no. 79224)

MARC details
000 -LEADER
fixed length control field 00558nam a2200193Ia 4500
003 - CONTROL NUMBER IDENTIFIER
control field LDD
008 - FIXED-LENGTH DATA ELEMENTS--GENERAL INFORMATION
fixed length control field 181029s9999 xx 000 0 und d
020 ## - INTERNATIONAL STANDARD BOOK NUMBER
International Standard Book Number 1853838845
Terms of availability 395.00
040 ## - CATALOGING SOURCE
Transcribing agency LDD
100 ## - MAIN ENTRY--PERSONAL NAME
Personal name Knight,Barry
245 #0 - TITLE STATEMENT
Title Reviving Democracy
Remainder of title Citizen at the Heart of Governance
Statement of responsibility, etc. Barry Knight
260 ## - PUBLICATION, DISTRIBUTION, ETC.
Place of publication, distribution, etc. London
Name of publisher, distributor, etc. Earthscan
Date of publication, distribution, etc. 2006
300 ## - PHYSICAL DESCRIPTION
Extent xviii, 214
365 ## - TRADE PRICE
Price amount 395.00
901 ## - LOCAL DATA ELEMENT A, LDA (RLIN)
a 3958
b 26-11-2007
902 ## - LOCAL DATA ELEMENT B, LDB (RLIN)
a 3592
b 08-12-2007
c F
d SELECT
e 35
903 ## - LOCAL DATA ELEMENT C, LDC (RLIN)
a Discount-15
b Reqst by : Dolly Mathew
942 ## - ADDED ENTRY ELEMENTS (KOHA)
Source of classification or shelving scheme Dewey Decimal Classification
Koha item type Books
Holdings
Withdrawn status Lost status Source of classification or shelving scheme Damaged status Not for loan Home library Current library Total Checkouts Full call number Barcode Checked out Date last seen Date last checked out Price effective from Koha item type Public note
No   Dewey Decimal Classification     Library and Documentation Division Library and Documentation Division 1 300 K743R 062557 02/22/2021 02/08/2021 02/08/2021 11/01/2018 Books Issued

© Prof. G Ram Reddy Centre Library, Indira Gandhi National Open University, Maidan Garhi, New Delhi, 110068
+91-011-29532797 | FAX+91-011-29533393 |